Statistics for Places of Worship

Click here to take the quiz!

General Stats

  • This quiz has been taken 34 times
  • The average score is 11 of 13

Answer Stats

ReligionAnswer% Correct
ChristianityChurch
100%
ZionChurch
100%
ArmenianChurch
100%
HinduismTemple
97%
BuddhismTemple
97%
JainismTemple
97%
TaoismTemple
97%
ConfucianismTemple
97%
ZoroastrianismTemple
97%
IslamMosque
86%
JudaismSynagogue
72%
ShintoShrine
31%
SikhismGurdwara
17%

Score Distribution

Percentile by Number Answered

Percent of People with Each Score

Your Score History

You have not taken this quiz